| 000 | 00442nam a2200157Ia 4500 | ||
|---|---|---|---|
| 005 | 20250703013018.0 | ||
| 008 | 240331s9999 xx 000 0 und d | ||
| 020 | _a9555735298 | ||
| 082 |
_bNIH _a790 |
||
| 100 | _aNihalsinghe,D.B | ||
| 245 | 0 | _aLankika cinamawe swarnamaya yugata bindaweteema | |
| 260 |
_aNugegoda _bUniversity Press _c2007 |
||
| 300 | _a185 p ., | ||
| 500 | _aThe Collapse of the golden era of Sri Lanka Cinema | ||
| 942 | _cL | ||
| 999 |
_c5154 _d5154 |
||